Skład reprezentacji polski w siatkówce mężczyzn w Lidze Światowej 2012 - Statystyki

Ogólne statystyki
  • Ten quiz został rozwiązany 463 razy
  • Średni wynik to 12 z 25
Statystyki odpowiedzi
Klub Pozycja Zawodmik % Poprawnych
Skra Bełchatów Przyjmujący Bartosz Kurek
93%
Skra Bełchatów Libero Paweł Zatorski
78%
ZAKSA Kędzierzyn-Koźle Rozgrywający Paweł Zagumny
76%
Skra Bełchatów Środkowy Marcin Możdżonek
71%
Skra Bełchatów Przyjmujący Michał Winiarski
71%
AZS Częstochowa Rozgrywający Fabian Drzyzga
69%
Jastrzębski Węgiel Przyjmujący Michał Kubiak
69%
Resovia Środkowy Piotr Nowakowski
69%
Skra Bełchatów Środkowy Karol Kłos
68%
Resovia Libero Krzysztof Ignaczak
68%
Jastrzębski Węgiel Atakujący Zbigniew Bartman
53%
Delecta Bydgoszcz Atakujący Dawid Konarski
47%
Trefl Gdańsk Rozgrywający Grzegorz Łomacz
47%
Andreoli Latina Atakujący Jakub Jarosz
46%
Trentino Volley Rozgrywający Łukasz Żygadło
42%
Delecta Bydgoszcz Środkowy Andrzej Wrona
41%
AZS Politechnika Warszawska Libero Damian Wojtaszek
37%
Resovia Przyjmujący Mateusz Mika
37%
ZAKSA Kędzierzyn-Koźle Przyjmujący Michał Ruciak
27%
Resovia Środkowy Grzegorz Kosok
17%
Skra Bełchatów Rozgrywający Paweł Woicki
17%
AZS Częstochowa Środkowy Łukasz Wiśniewski
14%
AZS Olsztyn Przyjmujący Wojciech Ferens
2%
AZS Olsztyn Atakujący Bartosz Krzysiek
0%
AZS Politechnika Warszawska Przyjmujący Wojciech Żaliński
0%
Nie znaleziono quizów pasujących do podanych kryteriów
Rozkład punktacji
Procent ludzi z każdym wynikiem
Percentyl według liczby udzielonych odpowiedzi
Twoja historia wyników
Nie rozwiązałeś tego quizu